Energy, society, and environment : Technology for a sustainable future
Whilst energy use is fundamental to human existence, it is also at the heart of many environmental problems we face in the 21st century. Deteriorating air quality and the global warming phenomenon can all be attributed to our use of fossil fuels. The re-emergence of nuclear power as an alternative a...
Na minha lista:
| Autor principal: | |
|---|---|
| Formato: | Livro |
| Idioma: | Undetermined |
| Publicado em: |
New York
Routledge
2003
|
| Assuntos: | |
| Tags: |
Adicionar Tag
Sem tags, seja o primeiro a adicionar uma tag!
|
| Thư viện lưu trữ: | Trung tâm Học liệu Trường Đại học Cần Thơ |
|---|
| LEADER | 01038nam a2200217Ia 4500 | ||
|---|---|---|---|
| 001 | CTU_239129 | ||
| 008 | 210402s9999 xx 000 0 und d | ||
| 082 | |a 333.79 | ||
| 082 | |b E46 | ||
| 100 | |a Elliott, David | ||
| 245 | 0 | |a Energy, society, and environment : | |
| 245 | 0 | |b Technology for a sustainable future | |
| 245 | 0 | |c David Elliott | |
| 260 | |a New York | ||
| 260 | |b Routledge | ||
| 260 | |c 2003 | ||
| 520 | |a Whilst energy use is fundamental to human existence, it is also at the heart of many environmental problems we face in the 21st century. Deteriorating air quality and the global warming phenomenon can all be attributed to our use of fossil fuels. The re-emergence of nuclear power as an alternative also prompts major concerns. Sustainable alternatives such as wind and hydroelectric power also face opposition. | ||
| 650 | |a Nguồn điện,Power resources | ||
| 650 | |x Khía cạnh môi trường,Environmental aspects | ||
| 910 | |b dqhieu | ||
| 980 | |a Trung tâm Học liệu Trường Đại học Cần Thơ | ||